Easy inglish : (Registro nro. 12317)

Detalles MARC
000 -LIDER
fixed length control field 00950nam a2200253 4500
003 - IDENTIFICACDOR DE NÚMERO DE CONTROL
control field DO-SdBNP
005 - DATE AND TIME OF LATEST TRANSACTION
control field 20161208093146.0
008 - ELEMENTOS DE LONGITUD FIJA
fixed length control field 161206b2008 mx||||| |||| 00| 0 spa d
020 ## - ISBN
International Standard Book Number 970221792X
040 ## - FUENTE DE CATALOGACIÓN
Agencia que crea de manera original el registro BPMSU
Idioma de catalogación spa
Agencia que realiza la transcripción BPMSU
082 ## - NÚMERO DE CLASIFICACIÓN DECIMAL DE DEWEY
Classification number 428.2461
Item number E13e
245 00 - MENCIÓN DE TITULO
Título Easy inglish :
Subtítulo método integral /
Mención de responsabilidad director de la publicación A. Tavard ; coordinador editorial Aarón Alboukrek ; ilustraciones Isabelle Herbet, Fernando Puig Rosado
260 0# - PUBLICACIÓN, DISTRIBUCIÓN, ETC. (PIE DE IMPRENTA)
Lugar de publicación, distribución, etc México, D.F. :
Nombre del editor, distribuidor, etc. Larausse ,
Fecha de publicación, distribución, etc 2008
Fecha de impresión (5ª reimpresión)
300 ## - DESCRIPCIÓN FÍSICA
Extensión 4v. :
Otros detalles físicos il. :
Dimensiones 24 cm +
Material complementario 8 CDs-Audio y 2 DVDs
500 ## - NOTA GENERAL
Nota general La biblioteca posee 4 CDs-Audio: de 0-3; 2 DVDs : de 0-3
650 #4 - ENCABEZAMIENTO DE MATERIA--TEMÁTICO
Término temático o nombre geográfico como elemento de entrada INGLÉS
Subdivisión temática general ESTUDIO Y ENSEÑANZA
700 12 - ASIENTO SECUNDARIO -- NOMBRE PERSONAL
Nombre personal Tavard, A.
Mención de responsabilidad dir.
700 12 - ASIENTO SECUNDARIO -- NOMBRE PERSONAL
Nombre personal Alboukrek, Aarón
Mención de responsabilidad ed.
700 12 - ASIENTO SECUNDARIO -- NOMBRE PERSONAL
Nombre personal Herbet, Isabelle
Mención de responsabilidad il.
700 12 - ASIENTO SECUNDARIO -- NOMBRE PERSONAL
Nombre personal Puig Rosado, Fernando
Mención de responsabilidad il.
910 ## - VALIDACIÓN
Validación Validado. Control de calidad MFF
942 ## - ADDED ENTRY ELEMENTS (KOHA)
Source of classification or shelving scheme Dewey Decimal Classification
Koha item type Libros
956 ## - LOCAL ELECTRONIC LOCATION AND ACCESS (OCLC)
Nombre de host dgarcia
Existencias
Withdrawn status Lost status Source of classification or shelving scheme Damaged status Not for loan Collection code Home library Current library Date acquired Source of acquisition Total Checkouts Full call number Barcode Date last seen Price effective from Koha item type
    Dewey Decimal Classification     Colección General Biblioteca Pública Metropolitana Salomé Ureña Biblioteca Pública Metropolitana Salomé Ureña 12/06/2016 Compra   428.2461 E13e v.1 BPMSU16120163 12/06/2016 12/06/2016 Libros
    Dewey Decimal Classification     Colección General Biblioteca Pública Metropolitana Salomé Ureña Biblioteca Pública Metropolitana Salomé Ureña 12/08/2016 Compra   428.2461 E13e v.2 BPMSU16120220 12/08/2016 12/08/2016 Libros
    Dewey Decimal Classification     Colección General Biblioteca Pública Metropolitana Salomé Ureña Biblioteca Pública Metropolitana Salomé Ureña 12/08/2016 Compra   428.2461 E13e v.3 BPMSU16120221 12/08/2016 12/08/2016 Libros
    Dewey Decimal Classification     Colección General Biblioteca Pública Metropolitana Salomé Ureña Biblioteca Pública Metropolitana Salomé Ureña 12/08/2016 Compra   428.2461 E13e v.4 BPMESU16120224 12/08/2016 12/08/2016 Libros